[Event "Belleuve Chess 2012"]
[Site "Alcudia ESP"]
[Date "2012.10.17"]
[Round "4.6"]
[White "Lielmezs, Girts"]
[Black "Moueden, Mohamed Amine"]
[Result "0-1"]
[WhiteElo "1910"]
[BlackElo "1997"]
[PlyCount "104"]
[EventDate "2012.10.14"]
[EventType "swiss"]
[EventRounds "9"]
[EventCountry "ESP"]
[Source "lmi"]
[SourceDate "2012.10.14"]

1. c4 e5 2. g3 Nf6 3. Bg2 d5 4. cxd5 Nxd5 5. Nc3 Nb6 6. Nf3 Nc6 7. O-O Be7 8.
d3 O-O 9. a3 Be6 10. b4 a6 11. Bb2 f5 12. Rc1 Bf6 13. Nd2 Nd5 14. Na4 Be7 15.
Nc5 Bxc5 16. Rxc5 Nd4 17. e3 Nc6 18. Nc4 f4 19. e4 Nb6 20. Nxe5 Nd4 21. Bxd4
Qxd4 22. Nf3 Qd6 23. e5 Qe7 24. Qc1 c6 25. gxf4 Nd5 26. Rc4 h6 27. Nd4 Nxf4 28.
Nxe6 Ne2+ 29. Kh1 Nxc1 30. Nxf8 Nxd3 31. Ng6 Qf7 32. Rd4 Qxg6 33. Be4 Qe6 34.
Bxd3 Qxe5 35. Re4 Qf6 36. f4 Rd8 37. Bc4+ Kh7 38. Re3 g6 39. Rfe1 Rd7 40. Re4
h5 41. R1e3 Qa1+ 42. Kg2 Qb2+ 43. Kg3 Qc1 44. Re7+ Rxe7 45. Rxe7+ Kh8 46. Re8+
Kg7 47. Rg8+ Kf6 48. Rf8+ Ke7 49. Rf7+ Kd6 50. Rf6+ Kc7 51. Rf7+ Kb6 52. Be6
Qe3+ 0-1

[Event "Belleuve Chess 2012"]
[Site "Alcudia ESP"]
[Date "2012.10.17"]
[Round "4.7"]
[White "Gonzalez Pabollet, Jesus Ma"]
[Black "Kopischke, Maik"]
[Result "1/2-1/2"]
[WhiteElo "1962"]
[BlackElo "1867"]
[PlyCount "33"]
[EventDate "2012.10.14"]
[EventType "swiss"]
[EventRounds "9"]
[EventCountry "ESP"]
[Source "lmi"]
[SourceDate "2012.10.14"]

1. Nf3 Nf6 2. d4 c5 3. c3 cxd4 4. cxd4 d5 5. Nc3 Nc6 6. Bf4 a6 7. e3 Bf5 8. Qb3
b5 9. Ne5 Na5 10. Qd1 Nc4 11. Bxc4 dxc4 12. g4 Be4 13. Nxe4 Nxe4 14. O-O e6 15.
Qf3 Qd5 16. g5 Bd6 17. Qh5 1/2-1/2

[Event "Belleuve Chess 2012"]
[Site "Alcudia ESP"]
[Date "2012.10.17"]
[Round "4.8"]
[White "Rautanen, Sari"]
[Black "Gutierrez Abarrategui, Luis"]
[Result "1-0"]
[WhiteElo "1955"]
[BlackElo "1861"]
[PlyCount "75"]
[EventDate "2012.10.14"]
[EventType "swiss"]
[EventRounds "9"]
[EventCountry "ESP"]
[Source "lmi"]
[SourceDate "2012.10.14"]

1. Nf3 d5 2. g3 e6 3. Bg2 Nf6 4. O-O Bd6 5. d3 c6 6. Nbd2 O-O 7. e4 e5 8. Re1
d4 9. Nc4 Re8 10. Nxd6 Qxd6 11. Nh4 Bg4 12. f3 Bh5 13. Nf5 Qf8 14. Bg5 Nbd7 15.
Qe2 h6 16. Bd2 Nh7 17. Qf2 c5 18. f4 f6 19. Bh3 Rad8 20. Nh4 Bf7 21. Rf1 Be6
22. Ng6 Qd6 23. Bxe6+ Qxe6 24. Qf3 Ndf8 25. Nh4 Qh3 26. Rf2 Qe6 27. b3 Nd7 28.
Raf1 Nhf8 29. Nf5 Ng6 30. Qg4 Kh7 31. h4 Rg8 32. Nxh6 Qxg4 33. Nxg4 Ne7 34.
fxe5 Nxe5 35. Nxe5 fxe5 36. Rf7 Rd7 37. Bg5 Re8 38. Bf6 1-0

[Event "Belleuve Chess 2012"]
[Site "Alcudia ESP"]
[Date "2012.10.17"]
[Round "4.9"]
[White "Rios Torondell, Jaume"]
[Black "Pelegri Castello, Elias"]
[Result "1/2-1/2"]
[WhiteElo "1944"]
[BlackElo "1837"]
[PlyCount "63"]
[EventDate "2012.10.14"]
[EventType "swiss"]
[EventRounds "9"]
[EventCountry "ESP"]
[Source "lmi"]
[SourceDate "2012.10.14"]

1. e4 e6 2. Nf3 d5 3. Nc3 Nf6 4. e5 Nfd7 5. d4 c5 6. dxc5 Bxc5 7. Bd3 Nc6 8.
Bf4 f6 9. exf6 Nxf6 10. Qe2 O-O 11. O-O-O Bb4 12. Bd2 Bd7 13. h4 a6 14. h5 Qa5
15. a3 Bxa3 16. Nb1 Bb4 17. c3 Bd6 18. g4 Qc7 19. g5 Ng4 20. Bc2 Rac8 21. Qd3
Rf5 22. Qe2 Rcf8 23. Be3 Nxe3 24. fxe3 Ne7 25. Nh4 Bb5 26. Qg2 Qb6 27. Rh3 Bc5
28. Qg3 Be2 29. Re1 Rf1 30. Rxf1 Bxf1 31. Rh1 Bxe3+ 32. Nd2 1/2-1/2

[Event "Belleuve Chess 2012"]
[Site "Alcudia ESP"]
[Date "2012.10.17"]
[Round "4.10"]
[White "Sanabria Macias, Anselmo"]
[Black "Wallace, Mitchel"]
[Result "1-0"]
[WhiteElo "1935"]
[BlackElo "1833"]
[PlyCount "63"]
[EventDate "2012.10.14"]
[EventType "swiss"]
[EventRounds "9"]
[EventCountry "ESP"]
[Source "lmi"]
[SourceDate "2012.10.14"]

1. e4 d6 2. d4 Nf6 3. Nc3 Nbd7 4. Be3 e5 5. f3 c6 6. Qd2 Be7 7. Bc4 a5 8. a4
O-O 9. Nge2 Qc7 10. O-O h6 11. Kh1 Nh7 12. Ng3 exd4 13. Bxd4 Ne5 14. Bb3 Bf6
15. Rad1 Be6 16. Nh5 Be7 17. Bxe6 fxe6 18. f4 c5 19. Bxe5 dxe5 20. Qd7 Qxd7 21.
Rxd7 Bf6 22. f5 exf5 23. Rxf5 Ng5 24. h4 Ne6 25. g3 Bd8 26. Rxe5 Ra6 27. Nd5 g6
28. Nhf4 Nxf4 29. Nxf4 Bf6 30. Rxc5 Bxh4 31. Rcc7 Rff6 32. Rc8+ 1-0

[Event "Belleuve Chess 2012"]
[Site "Alcudia ESP"]
[Date "2012.10.17"]
[Round "4.11"]
[White "Fullana Benito, David"]
[Black "Fiol Company, Juan"]
[Result "0-1"]
[WhiteElo "1813"]
[BlackElo "1934"]
[PlyCount "95"]
[EventDate "2012.10.14"]
[EventType "swiss"]
[EventRounds "9"]
[EventCountry "ESP"]
[Source "lmi"]
[SourceDate "2012.10.14"]

1. e4 c5 2. Nf3 d6 3. d4 cxd4 4. Nxd4 Nf6 5. Bd3 g6 6. O-O Bg7 7. c3 Nc6 8. Kh1
O-O 9. f3 Bd7 10. Be3 Ne5 11. Be2 Rc8 12. Na3 d5 13. Bf4 Nc4 14. Nxc4 dxc4 15.
Bg3 Nh5 16. Bf2 a5 17. Nc2 b5 18. Ne3 e5 19. Nd5 Rc6 20. Qd2 Be6 21. Rfd1 Re8
22. g4 Nf6 23. Bh4 Bxd5 24. exd5 Rd6 25. Bxf6 Qxf6 26. b3 e4 27. bxc4 exf3 28.
Bf1 bxc4 29. Rac1 Re4 30. h3 Qh4 31. Qh2 Be5 32. Qg1 f2 33. Qg2 Re3 34. Rc2 Rf6
35. Re2 Rg3 36. Rxe5 Rxg2 37. Kxg2 h5 38. Rd4 hxg4 39. Rxg4 Qh6 40. Rxc4 Qd2
41. Rc8+ Kg7 42. c4 Qd1 43. Re3 Rf4 44. Rg3 Rf5 45. Rf3 Rg5+ 46. Kxf2 Qd2+ 47.
Be2 Re5 48. Rc7 0-1

[Event "Belleuve Chess 2012"]
[Site "Alcudia ESP"]
[Date "2012.10.17"]
[Round "4.13"]
[White "Naranjo Moreno, Jose Javier"]
[Black "Contreras Cabot, Marc"]
[Result "1/2-1/2"]
[WhiteElo "1894"]
[BlackElo "1805"]
[PlyCount "91"]
[EventDate "2012.10.14"]
[EventType "swiss"]
[EventRounds "9"]
[EventCountry "ESP"]
[Source "lmi"]
[SourceDate "2012.10.14"]

1. d4 d5 2. Nf3 Nf6 3. e3 c6 4. c4 e6 5. Nc3 Nbd7 6. Bd3 dxc4 7. Bxc4 b5 8. Bd3
Bb7 9. O-O a6 10. Qe2 c5 11. Rd1 cxd4 12. exd4 Rc8 13. Ne5 Be7 14. a3 O-O 15.
Bf4 Nb6 16. Rac1 Nbd5 17. Bd2 Qb6 18. Nxd5 Bxd5 19. Be3 Qb7 20. f3 Bb3 21. Bc2
Rxc2 22. Rxc2 Bxc2 23. Qxc2 Rc8 24. Qd2 Nd5 25. Bf2 Qc7 26. Nd3 Bd6 27. g3 f6
28. Nc5 Bxc5 29. dxc5 Kf7 30. b4 a5 31. Rc1 axb4 32. axb4 Qc6 33. Ra1 Ra8 34.
Rxa8 Qxa8 35. Qd3 Qc6 36. Be1 h6 37. Kf2 f5 38. Bc3 Nxc3 39. Qxc3 g5 40. h3 h5
41. Qd4 Kg6 42. Ke3 Qa8 43. Qd3 Qc6 44. Qd4 Qa8 45. Qd3 Qc6 46. Qd4 1/2-1/2

[Event "Belleuve Chess 2012"]
[Site "Alcudia ESP"]
[Date "2012.10.17"]
[Round "4.14"]
[White "Correia, Sandra Ventura"]
[Black "Suuronen, Petri"]
[Result "1/2-1/2"]
[WhiteElo "1797"]
[BlackElo "1894"]
[PlyCount "69"]
[EventDate "2012.10.14"]
[EventType "swiss"]
[EventRounds "9"]
[EventCountry "ESP"]
[Source "lmi"]
[SourceDate "2012.10.14"]

1. e4 d6 2. d4 Nf6 3. Nc3 e5 4. Nf3 Nbd7 5. g4 h6 6. g5 hxg5 7. Bxg5 Be7 8. Rg1
g6 9. Bc4 c6 10. Bb3 a6 11. a4 b6 12. Qd2 Bb7 13. O-O-O b5 14. dxe5 b4 15. exf6
bxc3 16. bxc3 Nxf6 17. Bxf6 Bxf6 18. Qxd6 Qxd6 19. Rxd6 Bxc3 20. Bxf7+ Kxf7 21.
Rd7+ Kf6 22. Rxb7 Rab8 23. Rxb8 Rxb8 24. e5+ Kf5 25. Nh4+ Kxe5 26. Rxg6 Kd5 27.
Ng2 Rh8 28. h4 Kc5 29. f4 Re8 30. h5 Re2 31. h6 Rf2 32. Kd1 Rd2+ 33. Kc1 Rf2
34. Kd1 Rd2+ 35. Kc1 1/2-1/2

[Event "Belleuve Chess 2012"]
[Site "Alcudia ESP"]
[Date "2012.10.17"]
[Round "4.15"]
[White "Perez Gandesa, Jose Antonio"]
[Black "Kehloul Gutierrez, Sadek"]
[Result "1-0"]
[WhiteElo "1881"]
[BlackElo "1776"]
[PlyCount "41"]
[EventDate "2012.10.14"]
[EventType "swiss"]
[EventRounds "9"]
[EventCountry "ESP"]
[Source "lmi"]
[SourceDate "2012.10.14"]

1. d4 Nf6 2. Bg5 Ne4 3. Bh4 g5 4. f3 Bg7 5. fxe4 gxh4 6. Nf3 c5 7. e3 Qb6 8.
Nc3 e6 9. Bc4 cxd4 10. exd4 Qxb2 11. Nb5 Qb4+ 12. c3 Qa5 13. O-O O-O 14. Ng5 a6
15. Qh5 h6 16. Rxf7 hxg5 17. Raf1 Qd8 18. Qg6 Rxf7 19. Rxf7 Qf8 20. Rxf8+ Kxf8
21. Nc7 1-0

[Event "Belleuve Chess 2012"]
[Site "Alcudia ESP"]
[Date "2012.10.17"]
[Round "4.16"]
[White "Castello Castello, Juan Jose"]
[Black "Maria Lopez, Jorge Luis"]
[Result "0-1"]
[WhiteElo "1735"]
[BlackElo "1877"]
[PlyCount "104"]
[EventDate "2012.10.14"]
[EventType "swiss"]
[EventRounds "9"]
[EventCountry "ESP"]
[Source "lmi"]
[SourceDate "2012.10.14"]

1. Nf3 d5 2. c4 Nf6 3. cxd5 Nxd5 4. Nc3 Nc6 5. g3 e5 6. Bg2 Nxc3 7. bxc3 Bc5 8.
O-O O-O 9. d3 Be6 10. Bb2 Rb8 11. Qc2 Bb6 12. Rfd1 Qe7 13. d4 exd4 14. cxd4 Bd5
15. a4 Rfe8 16. e3 Na5 17. Rdc1 Nb3 18. Ba3 Qf6 19. Bb2 Nxa1 20. Rxa1 a5 21.
Ne5 Bxg2 22. Kxg2 Rbd8 23. Qc4 Qe6 24. Qb5 Qd5+ 25. Qxd5 Rxd5 26. Bc3 Red8 27.
Rb1 R5d6 28. Rb5 f6 29. Nc4 Rc6 30. Nxb6 cxb6 31. Bb2 Rd7 32. d5 Rc4 33. Bd4
Rb4 34. Rxb6 Rxb6 35. Bxb6 Rxd5 36. Kf3 Kf7 37. Ke4 Ke6 38. h4 Rd6 39. Bc5 Rc6
40. Kd4 b6 41. Bf8 g6 42. Bh6 Rc2 43. f3 Ra2 44. Bf8 Rxa4+ 45. Kc3 b5 46. Kb3
Rc4 47. g4 Rc1 48. g5 f5 49. Bg7 Kd5 50. Bd4 a4+ 51. Kb4 Rc4+ 52. Kxb5 Rxd4 0-1

[Event "Belleuve Chess 2012"]
[Site "Alcudia ESP"]
[Date "2012.10.17"]
[Round "4.17"]
[White "Gimenez Garcia, Emilio"]
[Black "Delgadillo Torrico, Felipe"]
[Result "0-1"]
[WhiteElo "1919"]
[BlackElo "1732"]
[PlyCount "140"]
[EventDate "2012.10.14"]
[EventType "swiss"]
[EventRounds "9"]
[EventCountry "ESP"]
[Source "lmi"]
[SourceDate "2012.10.14"]

1. d4 d5 2. Bf4 Nf6 3. e3 e6 4. Nd2 Bd6 5. Bg3 c5 6. c3 cxd4 7. exd4 O-O 8.
Ngf3 b6 9. Bd3 Ba6 10. Qe2 Bxd3 11. Qxd3 a6 12. Ne5 Bxe5 13. Bxe5 Nc6 14. Bg3
Nh5 15. O-O b5 16. a3 Nxg3 17. Qxg3 Na5 18. f4 Nc4 19. Nxc4 bxc4 20. f5 exf5
21. Rxf5 Qb6 22. Rb1 Rad8 23. Qf3 Qb7 24. h4 Rd6 25. h5 h6 26. Rf1 f6 27. Rf2
Re8 28. Re2 Re4 29. Rxd5 Rxe2 30. Rxd6 Qxf3 31. gxf3 Rxb2 32. Rc6 Rb3 33. Rxc4
Rxa3 34. d5 a5 35. d6 Kf7 36. Rd4 Ke8 37. c4 Rxf3 38. c5 Rc3 39. Re4+ Kd8 40.
Re7 Rxc5 41. Rxg7 Rxh5 42. Rf7 Rf5 43. Kg2 h5 44. Kg3 Ke8 45. Re7+ Kf8 46. Ra7
Rd5 47. Kh4 Rxd6 48. Rxa5 Kf7 49. Rxh5 Kg6 50. Ra5 Rd3 51. Kg4 Rd4+ 52. Kf3 Rb4
53. Rd5 Rb1 54. Kf2 Rb3 55. Ra5 f5 56. Ra8 Kg5 57. Rg8+ Kf4 58. Ra8 Rb2+ 59.
Kf1 Kg4 60. Rg8+ Kf3 61. Ke1 f4 62. Rg7 Rb1+ 63. Kd2 Kf2 64. Rc7 f3 65. Rf7 Rg1
66. Rf6 Rg2 67. Kd1 Rg3 68. Rf7 Rg8 69. Rd7 Kg1 70. Rf7 f2 0-1

[Event "Belleuve Chess 2012"]
[Site "Alcudia ESP"]
[Date "2012.10.17"]
[Round "4.18"]
[White "Nadal Bestard, Sebastia"]
[Black "Westerweele, Henrik"]
[Result "0-1"]
[WhiteElo "1851"]
[BlackElo "1942"]
[PlyCount "104"]
[EventDate "2012.10.14"]
[EventType "swiss"]
[EventRounds "9"]
[EventCountry "ESP"]
[Source "lmi"]
[SourceDate "2012.10.14"]

1. d4 e6 2. Nf3 f5 3. Bf4 Nf6 4. c4 d6 5. h3 Be7 6. e3 O-O 7. Be2 Ne4 8. Nc3
Nxc3 9. bxc3 Bf6 10. O-O Nc6 11. Bh2 Qe8 12. Qc2 e5 13. d5 Ne7 14. Qb3 b6 15.
Rad1 Bd7 16. Rd2 g5 17. Ne1 f4 18. Qd1 Nf5 19. exf4 gxf4 20. Bd3 Bg7 21. Qb1
Qe7 22. Re2 Rae8 23. g4 fxg3 24. fxg3 Nh6 25. Bxh7+ Kh8 26. g4 Rxf1+ 27. Kxf1
Rf8+ 28. Rf2 Rxf2+ 29. Kxf2 Nxg4+ 30. hxg4 Qh4+ 31. Bg3 Qxh7 32. Qxh7+ Kxh7 33.
Kf3 e4+ 34. Kxe4 Bxc3 35. g5 Kg6 36. Kd3 Bb2 37. Kc2 Bg7 38. Bf4 Bf5+ 39. Kb3
Be4 40. Nc2 Bxc2+ 41. Kxc2 Bf8 42. Kc3 Be7 43. a4 Bxg5 44. Bxg5 Kxg5 45. a5 a6
46. axb6 cxb6 47. Kd3 Kf4 48. Kd4 a5 49. Kd3 a4 50. Kd4 a3 51. Kc3 Ke4 52. Kb3
Kd4 0-1

[Event "Belleuve Chess 2012"]
[Site "Alcudia ESP"]
[Date "2012.10.17"]
[Round "4.19"]
[White "Sanchez Rodriguez, Francisc"]
[Black "Hidalgo Maireles, Juan Carlos"]
[Result "1-0"]
[WhiteElo "1933"]
[BlackElo "1811"]
[PlyCount "67"]
[EventDate "2012.10.14"]
[EventType "swiss"]
[EventRounds "9"]
[EventCountry "ESP"]
[Source "lmi"]
[SourceDate "2012.10.14"]

1. Nf3 d5 2. g3 a6 3. Bg2 b5 4. b3 Bb7 5. c4 c6 6. cxd5 cxd5 7. O-O Nf6 8. d4
e6 9. Bf4 Bd6 10. Bxd6 Qxd6 11. a4 b4 12. Nbd2 O-O 13. Ne5 Nbd7 14. f4 Qb6 15.
Ndf3 Rac8 16. g4 Rc7 17. g5 Ne4 18. Nxd7 Rxd7 19. Ne5 Rc7 20. Bxe4 dxe4 21. e3
Bd5 22. f5 Qd6 23. f6 g6 24. Rf4 h5 25. gxh6 Kh7 26. h4 Rg8 27. Rg4 Qf8 28. Rg5
Qd8 29. Qg4 Qf8 30. Kh1 Rc8 31. Rg1 Bxb3 32. h5 gxh5 33. Qxe4+ Rg6 34. Nxg6 1-0

[Event "Belleuve Chess 2012"]
[Site "Alcudia ESP"]
[Date "2012.10.17"]
[Round "4.20"]
[White "Rodriguez Sanchez, Rafael"]
[Black "Strand, Oyvin"]
[Result "1/2-1/2"]
[WhiteElo "1809"]
[BlackElo "1899"]
[PlyCount "115"]
[EventDate "2012.10.14"]
[EventType "swiss"]
[EventRounds "9"]
[EventCountry "ESP"]
[Source "lmi"]
[SourceDate "2012.10.14"]

1. e4 e6 2. d4 d5 3. Nd2 dxe4 4. Nxe4 Bd7 5. Bd3 Bc6 6. Nf3 Nd7 7. O-O Ngf6 8.
Bg5 Be7 9. Nxf6+ Bxf6 10. Bxf6 Qxf6 11. c3 O-O-O 12. Be2 g5 13. b4 Bxf3 14.
Bxf3 e5 15. d5 Nb6 16. Qb3 h5 17. c4 g4 18. Be4 Qf4 19. Qc2 Kb8 20. a4 f5 21.
Bd3 e4 22. Be2 Qe5 23. a5 Nc8 24. b5 f4 25. Rfe1 Rhe8 26. Rec1 f3 27. Bf1 e3
28. fxe3 Qxe3+ 29. Qf2 fxg2 30. Bxg2 Qxf2+ 31. Kxf2 h4 32. Re1 Rf8+ 33. Kg1 h3
34. Bh1 Nd6 35. c5 Nxb5 36. a6 b6 37. Re3 Nd4 38. cxb6 cxb6 39. Rf1 Rxf1+ 40.
Kxf1 Rf8+ 41. Kg1 Nb5 42. Re7 Nc7 43. d6 Nxa6 44. Rb7+ Kc8 45. Rxa7 Nb8 46.
Rc7+ Kd8 47. Bb7 Re8 48. Rc8+ Kd7 49. Rxe8 Kxe8 50. Bc8 Nd7 51. Kf2 Kd8 52. Ba6
Nc5 53. Bb5 Ne4+ 54. Ke3 Nxd6 55. Be2 Ke7 56. Kf4 Kf6 57. Kxg4 b5 58. Bxb5
1/2-1/2

[Event "Belleuve Chess 2012"]
[Site "Alcudia ESP"]
[Date "2012.10.17"]
[Round "4.21"]
[White "Castrillon Otero, Javier"]
[Black "Rodriguez Yague, Fermin"]
[Result "1-0"]
[WhiteElo "1958"]
[BlackElo "1972"]
[PlyCount "71"]
[EventDate "2012.10.14"]
[EventType "swiss"]
[EventRounds "9"]
[EventCountry "ESP"]
[Source "lmi"]
[SourceDate "2012.10.14"]

1. d4 Nf6 2. c4 c5 3. d5 b5 4. cxb5 a6 5. bxa6 Bxa6 6. Nc3 g6 7. e4 Bxf1 8.
Kxf1 d6 9. Nf3 Bg7 10. g3 Nfd7 11. Kg2 O-O 12. Qe2 Ne5 13. Nxe5 Bxe5 14. f4 Bd4
15. Be3 Bxe3 16. Qxe3 f6 17. h4 h5 18. e5 f5 19. Rhe1 Rf7 20. exd6 exd6 21.
Qe8+ Qxe8 22. Rxe8+ Kg7 23. Rae1 Rb7 24. R1e7+ Rxe7 25. Rxe7+ Kf8 26. Re6 Kf7
27. Rxd6 Ra6 28. Rxa6 Nxa6 29. Kf3 Nb4 30. Ke3 Ke7 31. a3 Na6 32. Kd3 Nb8 33.
Kc4 Nd7 34. a4 Kd6 35. Nb5+ Ke7 36. a5 1-0

[Event "Belleuve Chess 2012"]
[Site "Alcudia ESP"]
[Date "2012.10.17"]
[Round "4.22"]
[White "Diez Jover, Alberto"]
[Black "Rodriguez Bennassar, Miquel"]
[Result "1-0"]
[WhiteElo "1891"]
[BlackElo "1457"]
[PlyCount "37"]
[EventDate "2012.10.14"]
[EventType "swiss"]
[EventRounds "9"]
[EventCountry "ESP"]
[Source "lmi"]
[SourceDate "2012.10.14"]

1. e4 e6 2. d4 d5 3. e5 c5 4. c3 Nc6 5. Nf3 Qb6 6. Bd3 cxd4 7. cxd4 Nge7 8. Nc3
Nf5 9. Bxf5 exf5 10. Nxd5 Qa5+ 11. Nc3 Bb4 12. Bd2 O-O 13. O-O Ne7 14. a3 Bxc3
15. Bxc3 Qb6 16. d5 a5 17. d6 Rd8 18. dxe7 Re8 19. Qd6 1-0

[Event "Belleuve Chess 2012"]
[Site "Alcudia ESP"]
[Date "2012.10.17"]
[Round "4.23"]
[White "Ballester Cladera, Antonio"]
[Black "Nadal Marti, Bernardo Pedro"]
[Result "1-0"]
[WhiteElo "1770"]
[BlackElo "1966"]
[PlyCount "77"]
[EventDate "2012.10.14"]
[EventType "swiss"]
[EventRounds "9"]
[EventCountry "ESP"]
[Source "lmi"]
[SourceDate "2012.10.14"]

1. d4 d5 2. c4 c6 3. Bf4 Nf6 4. Nc3 e6 5. e3 Nbd7 6. Bd3 Be7 7. Qc2 O-O 8. Nf3
h6 9. g4 dxc4 10. Bxc4 Nd5 11. Nxd5 exd5 12. Bd3 Bb4+ 13. Ke2 Re8 14. g5 h5 15.
g6 f6 16. a3 Ba5 17. Rag1 Bc7 18. Bg3 Nf8 19. Bf5 Ne6 20. Kd1 c5 21. Qe2 Nf8
22. Nh4 cxd4 23. Qxh5 dxe3 24. fxe3 d4 25. e4 d3 26. Nf3 Bb6 27. Rg2 Be3 28.
Be1 Qb6 29. Bc3 Qb3+ 30. Ke1 Qa2 31. Kf1 Qb1+ 32. Ne1 Rd8 33. Bd2 Bxd2 34. Rxd2
Bxf5 35. Qxf5 Rac8 36. Rxd3 Rxd3 37. Qxc8 Rd4 38. Qxb7 Rxe4 39. Qf7+ 1-0

[Event "Belleuve Chess 2012"]
[Site "Alcudia ESP"]
[Date "2012.10.17"]
[Round "4.24"]
[White "Carranza Pons, Ricardo Nelson"]
[Black "Adeyemi, Adedeji"]
[Result "0-1"]
[WhiteElo "1718"]
[BlackElo "1997"]
[PlyCount "48"]
[EventDate "2012.10.14"]
[EventType "swiss"]
[EventRounds "9"]
[EventCountry "ESP"]
[Source "lmi"]
[SourceDate "2012.10.14"]

1. d4 Nf6 2. Nf3 g6 3. Bf4 Bg7 4. e3 d6 5. Be2 Nbd7 6. c3 Nh5 7. Bg5 h6 8. Bh4
Nhf6 9. Nbd2 g5 10. Bg3 Nh5 11. Nxg5 Nxg3 12. Nxf7 Kxf7 13. Bc4+ d5 14. Bxd5+
e6 15. Bxe6+ Kxe6 16. Qb3+ Ke7 17. hxg3 Nf6 18. e4 Re8 19. O-O-O Kf8 20. Rh4
Be6 21. Qc2 b5 22. Rf4 Bf7 23. Rh1 c6 24. e5 Nd5 0-1

[Event "Belleuve Chess 2012"]
[Site "Alcudia ESP"]
[Date "2012.10.17"]
[Round "4.25"]
[White "Hernandez Delgado, Gabriel"]
[Black "Maseda Iglesias, Luis"]
[Result "1-0"]
[WhiteElo "1987"]
[BlackElo "1741"]
[PlyCount "77"]
[EventDate "2012.10.14"]
[EventType "swiss"]
[EventRounds "9"]
[EventCountry "ESP"]
[Source "lmi"]
[SourceDate "2012.10.14"]

1. b3 Nf6 2. Bb2 d5 3. e3 e6 4. Nf3 c5 5. Bb5+ Bd7 6. Be2 Nc6 7. O-O Bd6 8. d4
cxd4 9. exd4 Qc7 10. Na3 a6 11. c4 Qb8 12. c5 Bc7 13. Nc2 b6 14. cxb6 Qxb6 15.
Ba3 Qb8 16. Bd3 Bd6 17. Bxd6 Qxd6 18. Qe2 Bc8 19. Rfc1 O-O 20. Ne5 Bb7 21. a3
Rfc8 22. b4 Ne7 23. Ne3 Ne4 24. Qb2 f6 25. Bxe4 dxe4 26. N5c4 Qd8 27. Na5 Bd5
28. Rc5 Rxc5 29. dxc5 Rb8 30. Qe2 Qc8 31. Nec4 Bxc4 32. Qxc4 f5 33. Rd1 Nd5 34.
c6 Rb5 35. Nb3 Rb6 36. Nd4 g6 37. Rc1 Rb8 38. c7 Rb7 39. Nxe6 1-0

[Event "Belleuve Chess 2012"]
[Site "Alcudia ESP"]
[Date "2012.10.17"]
[Round "4.26"]
[White "Ramis Sebastia, Jordi Salvador"]
[Black "Garcia Verd, Francisco"]
[Result "0-1"]
[WhiteElo "1675"]
[BlackElo "1954"]
[PlyCount "80"]
[EventDate "2012.10.14"]
[EventType "swiss"]
[EventRounds "9"]
[EventCountry "ESP"]
[Source "lmi"]
[SourceDate "2012.10.14"]

1. d4 d5 2. c4 c6 3. Nf3 Nf6 4. Nc3 h6 5. e3 Bf5 6. Bd3 Bxd3 7. Qxd3 e6 8. O-O
Nbd7 9. a3 Be7 10. c5 Qc7 11. h3 e5 12. Nh2 b6 13. b4 O-O 14. Bb2 Rfb8 15. Rfb1
Rb7 16. e4 exd4 17. cxb6 Qxb6 18. Na4 Qb5 19. Qxb5 cxb5 20. e5 Ne4 21. Nc5
Ndxc5 22. bxc5 Bxc5 23. Rc1 d3 24. Ng4 d2 25. Rc2 d4 26. Rd1 h5 27. Nh2 d3 28.
Rcxd2 Nxd2 29. Rxd2 Rd7 30. Nf3 Bb6 31. Bc3 Rc8 32. Bb4 Rc2 33. Kf1 Bc5 34.
Bxc5 Rxc5 35. Ne1 Rc3 36. f4 Rxa3 37. Kf2 b4 38. Ke3 b3 39. Rb2 d2 40. Rxd2 b2+
0-1

[Event "Belleuve Chess 2012"]
[Site "Alcudia ESP"]
[Date "2012.10.17"]
[Round "4.27"]
[White "Figuerola Campins, Antonio"]
[Black "Nin Serres, Pere"]
[Result "1-0"]
[WhiteElo "1806"]
[BlackElo "1981"]
[PlyCount "49"]
[EventDate "2012.10.14"]
[EventType "swiss"]
[EventRounds "9"]
[EventCountry "ESP"]
[Source "lmi"]
[SourceDate "2012.10.14"]

1. e4 c5 2. Nf3 d6 3. d4 cxd4 4. Nxd4 Nf6 5. Nc3 g6 6. Bc4 Bg7 7. f3 O-O 8. Be3
Nc6 9. Qd2 a6 10. h4 h5 11. O-O-O Ne5 12. Bb3 Qc7 13. Bg5 Qa5 14. Qe2 Ned7 15.
g4 Re8 16. gxh5 Nxh5 17. Rhg1 Kh7 18. Bxf7 Rf8 19. Nb3 Qd8 20. Bxg6+ Kxg6 21.
Bxe7+ Kh7 22. Bxd8 Rxd8 23. Rxd6 Be5 24. Qg2 Nf4 25. Qg5 1-0

[Event "Belleuve Chess 2012"]
[Site "Alcudia ESP"]
[Date "2012.10.17"]
[Round "4.28"]
[White "Romeu De La Cruz, Josep"]
[Black "Abrines Sampol, Lorenzo"]
[Result "1-0"]
[WhiteElo "1902"]
[BlackElo "1707"]
[PlyCount "73"]
[EventDate "2012.10.14"]
[EventType "swiss"]
[EventRounds "9"]
[EventCountry "ESP"]
[Source "lmi"]
[SourceDate "2012.10.14"]

1. b3 d5 2. Bb2 c5 3. e3 Nc6 4. Nf3 Bg4 5. Be2 Nf6 6. O-O e6 7. h3 Bh5 8. d4
cxd4 9. Nxd4 Bxe2 10. Nxe2 Bd6 11. Nd2 O-O 12. c4 Nb4 13. a3 Nd3 14. Bc3 dxc4
15. Nxc4 Ne4 16. Qc2 Nxc3 17. Nxc3 Ne5 18. Nxd6 Qxd6 19. Ne4 Qe7 20. b4 Rac8
21. Qb2 Nd3 22. Qe2 Rfd8 23. f4 f5 24. Ng5 h6 25. Nf3 Rc3 26. Nd4 Qf6 27. Rad1
e5 28. fxe5 Nxe5 29. Rxf5 Qe7 30. Nc2 Re8 31. Re1 Nc4 32. Rc5 Qe4 33. Rc1 b6
34. Rc7 a6 35. Kh1 b5 36. Qh5 Nxe3 37. Qf7+ 1-0

[Event "Belleuve Chess 2012"]
[Site "Alcudia ESP"]
[Date "2012.10.17"]
[Round "4.29"]
[White "Febrero Perez, Lluis"]
[Black "Navarrete Abraham, Jorge"]
[Result "0-1"]
[WhiteElo "1597"]
[BlackElo "1893"]
[PlyCount "54"]
[EventDate "2012.10.14"]
[EventType "swiss"]
[EventRounds "9"]
[EventCountry "ESP"]
[Source "lmi"]
[SourceDate "2012.10.14"]

1. e4 c5 2. Nf3 e6 3. b3 Nf6 4. Nc3 d5 5. exd5 exd5 6. Bb5+ Bd7 7. Qe2+ Be7 8.
Bb2 O-O 9. O-O d4 10. Nd1 Re8 11. c3 Bd6 12. Qd3 Bc6 13. cxd4 Be4 14. Qc3 Nd5
15. Qc4 Bxf3 16. Bxe8 Qxe8 17. gxf3 Nb6 18. Qc3 f6 19. Qe3 Qc8 20. dxc5 Bxc5
21. Qe4 Nc6 22. Qg4 Qc7 23. Bxf6 Rf8 24. d4 Rxf6 25. Qe4 Nxd4 26. Ne3 Nxf3+ 27.
Kh1 Qxh2# 0-1

[Event "Belleuve Chess 2012"]
[Site "Alcudia ESP"]
[Date "2012.10.17"]
[Round "4.30"]
[White "Serralta Font, Carles"]
[Black "Valarezzo Ricard, Pedro"]
[Result "0-1"]
[WhiteElo "1403"]
[BlackElo "1888"]
[PlyCount "69"]
[EventDate "2012.10.14"]
[EventType "swiss"]
[EventRounds "9"]
[EventCountry "ESP"]
[Source "lmi"]
[SourceDate "2012.10.14"]

1. d4 Nf6 2. Nf3 d5 3. h3 Bf5 4. c4 e6 5. Nc3 c6 6. Nh4 Bg6 7. Nxg6 hxg6 8. Bg5
Qa5 9. Bd2 Qb6 10. c5 Qc7 11. Qc2 Nbd7 12. e4 dxe4 13. Nxe4 Be7 14. Bd3 Nd5 15.
Ng5 Nf4 16. Bxf4 Qxf4 17. Nf3 g5 18. Qd2 Qxd2+ 19. Kxd2 O-O-O 20. b4 Bf6 21.
Rhe1 Rhe8 22. Re3 a6 23. a4 a5 24. b5 Nxc5 25. Kc3 Nxd3 26. Rxd3 cxb5 27. axb5
b6 28. Ne5 Bxe5 29. dxe5 Rxd3+ 30. Kxd3 Rd8+ 31. Kc3 Rd5 32. Kb3 Rxb5+ 33. Ka3
Rxe5 34. Rc1+ Kb7 35. Rc2 0-1